[Event "Taastrup Quick Weekend VIII B4 2008"]
[Site "Taastrup"]
[Date "2008.10.24"]
[Round "1"]
[White "Meldal, Peter"]
[Black "Andersen, Jonas Odgaard"]
[Result "1/2-1/2"]
[WhiteElo "1265"]
[BlackElo "1083"]
[PlyCount "137"]
[EventDate "2008.??.??"]

1. e4 c5 2. Nf3 Nc6 3. Bb5 Nf6 4. Nc3 Nd4 5. Bc4 Nxf3+ 6. Qxf3 e6 7. e5 d5 8.
Bb3 Nd7 9. Qg3 c4 10. Ba4 a6 11. Bxd7+ Qxd7 12. a3 b5 13. O-O Bb7 14. d3 g6 15.
d4 Bg7 16. Bg5 h6 17. Be3 g5 18. f4 Rg8 19. fxg5 hxg5 20. Bxg5 Bh6 21. h4 Bxg5
22. hxg5 O-O-O 23. Rf6 Rg7 24. Raf1 Rdg8 25. R1f2 Rxg5 26. Qh2 R5g7 27. Qh5 Rf8
28. Ne2 Qe8 29. Qh6 Rfg8 30. c3 Rg6 31. Qh4 Rh8 32. Qf4 Rg7 33. Rxf7 Rgh7 34.
Ng3 Rxf7 35. Qxf7 Bc6 36. Rf6 Bd7 37. Qxe8+ Rxe8 38. Kf2 Kd8 39. Kf3 Ke7 40.
Nh5 Rh8 41. g4 Be8 42. Nf4 Bf7 43. g5 Rh2 44. Ng2 Rh1 45. Kg3 Rb1 46. Rf2 Kf8
47. Kg4 Kg7 48. Nh4 Bg8 49. Kh5 Rh1 50. Kg4 Bh7 51. Kh5 Bg6+ 52. Kg4 Rg1+ 53.
Kf4 Bh5 54. Rg2 Rf1+ 55. Ke3 Re1+ 56. Kd2 Rh1 57. Kc2 Rxh4 58. b3 Bg6+ 59. Kb2
cxb3 60. Kxb3 Be4 61. Rg3 Kg6 62. Kb4 Rh5 63. Ka5 Rxg5 64. Rxg5+ Kxg5 65. Kxa6
Bd3 66. Kb6 Kg6 67. Kc6 Kf7 68. Kc7 Ke7 69. Kc6 1/2-1/2

[Event "Taastrup Quick Weekend VIII B4 2008"]
[Site "Taastrup"]
[Date "2008.10.24"]
[Round "1"]
[White "Lindballe, Henrik"]
[Black "Zmylon, Frederik Nielsen"]
[Result "1-0"]
[WhiteElo "1314"]
[BlackElo "1367"]
[PlyCount "76"]
[EventDate "2008.??.??"]

1. e4 c5 2. Nc3 Nc6 3. Nf3 d6 4. d4 cxd4 5. Nxd4 Nf6 6. Be3 e6 7. Bb5 Bd7 8.
O-O Be7 9. f4 O-O 10. Qf3 a6 11. Ba4 Rc8 12. Nxc6 Bxc6 13. Bxc6 Rxc6 14. Rfd1
Qc7 15. Bf2 Rd8 16. Rd3 d5 17. exd5 Nxd5 18. Nxd5 Rxd5 19. c3 Rxd3 20. Qxd3
Qxf4 21. Bg3 Qf6 22. Rd1 h6 23. Qd7 Rb6 24. Rf1 Bc5+ 25. Bf2 Qg5 26. Qc8+ Kh7
27. Qxc5 Qxc5 28. Bxc5 Rxb2 29. Rxf7 b6 30. Bd4 Rxa2 31. Rxg7+ Kh8 32. Re7+ Kg8
33. Bxb6 a5 34. Rxe6 a4 35. Bc5 a3 36. Re8+ Kf7 37. Ra8 Ra1+ 38. Kf2 a2 1-0

[Event "Taastrup Quick Weekend VIII B4 2008"]
[Site "Taastrup"]
[Date "2008.10.24"]
[Round "1"]
[White "Jensen, Leif Haugaard"]
[Black "Wadtland, Flemming"]
[Result "0-1"]
[WhiteElo "1184"]
[BlackElo "1137"]
[PlyCount "76"]
[EventDate "2008.??.??"]

1. e4 c6 2. d4 d5 3. Nc3 g6 4. Nf3 Bg7 5. e5 f6 6. exf6 exf6 7. Bd3 Ne7 8. O-O
Qc7 9. Re1 O-O 10. Be3 Nf5 11. Qd2 Be6 12. Bf4 Qd7 13. g4 Nd6 14. h3 Nc4 15.
Bxc4 dxc4 16. Kg2 Bxg4 17. hxg4 Qxg4+ 18. Bg3 f5 19. Rh1 Bf6 20. Rh3 Nd7 21.
Rah1 f4 22. Qxf4 Qxf4 23. Bxf4 h5 24. Ne4 Be7 25. Rg3 Rxf4 26. Rxg6+ Kf7 27.
Rg3 Rxe4 28. Ng5+ Bxg5 29. Rxg5 Nf6 30. c3 Rg8 31. Rxg8 Kxg8 32. Rh3 Kf7 33.
Kf3 Ke6 34. Rg3 Rg4 35. Rxg4 Nxg4 36. Kg3 Kf5 37. f3 Nf6 38. f4 Ke4 0-1

[Event "Taastrup Quick Weekend VIII B4 2008"]
[Site "Taastrup"]
[Date "2008.10.24"]
[Round "1"]
[White "Hein, Jacob"]
[Black "Anker, Andy"]
[Result "0-1"]
[WhiteElo "1400"]
[BlackElo "1023"]
[PlyCount "126"]
[EventDate "2008.??.??"]

1. e4 c5 2. Nf3 Nc6 3. d4 cxd4 4. Nxd4 e5 5. Nf3 Bc5 6. Bc4 h6 7. O-O Nf6 8.
Be3 Bxe3 9. fxe3 Qb6 10. Qd2 Qxb2 11. Nc3 Qb6 12. Rfb1 Qc5 13. Nb5 O-O 14. Bb3
Nxe4 15. Qd3 Nf6 16. Nc3 d6 17. Nd2 Nb4 18. Qe2 Nxc2 19. Bxc2 Qxc3 20. Rc1 Qb4
21. Rab1 Qg4 22. Qf2 b6 23. Bd1 Qf5 24. Qe2 Bb7 25. Bc2 Qg4 26. Qf2 Ne4 27.
Nxe4 Bxe4 28. Rb4 d5 29. Bxe4 dxe4 30. h3 Qg6 31. Rbc4 h5 32. Qh4 f5 33. Rc6
Qf7 34. Rc7 Qg6 35. R1c6 Rf6 36. Rc8+ Rxc8 37. Rxc8+ Rf8 38. Rxf8+ Kxf8 39.
Qd8+ Qe8 40. Qd6+ Qe7 41. Qb8+ Kf7 42. Qc8 g6 43. Qc2 Qc5 44. Qb3+ Kg7 45. Kh2
b5 46. a3 Qc4 47. Qb4 Qxb4 48. axb4 f4 49. exf4 exf4 50. Kg1 e3 51. Kf1 Kf6 52.
Ke2 Kf5 53. g3 g5 54. Kd3 fxg3 55. Kxe3 g4 56. h4 Ke5 57. Ke2 Kd4 58. Kf1 Kc4
59. Kg2 Kxb4 60. Kxg3 Kc5 61. Kf4 Kc4 62. Kg5 g3 63. Kxh5 g2 0-1

[Event "Taastrup Quick Weekend VIII B4 2008"]
[Site "Taastrup"]
[Date "2008.10.25"]
[Round "2"]
[White "Wadtland, Flemming"]
[Black "Brauner, Benjamin"]
[Result "1-0"]
[WhiteElo "1137"]
[BlackElo "1327"]
[PlyCount "67"]
[EventDate "2008.??.??"]

1. f4 d5 2. Nf3 Nf6 3. d3 Nc6 4. b3 e6 5. Bb2 Bd6 6. e3 O-O 7. Nbd2 Re8 8. Be2
e5 9. fxe5 Nxe5 10. e4 Nxf3+ 11. Nxf3 dxe4 12. dxe4 Nxe4 13. O-O Bg4 14. Bd4
Qd7 15. Bd3 Nc5 16. Kh1 Nxd3 17. Qxd3 Qf5 18. Qxf5 Bxf5 19. c4 c5 20. Bg1 Bg6
21. Rae1 Rad8 22. g4 Be4 23. Kg2 Bf8 24. Be3 Bc6 25. Kf2 b6 26. a4 Bd6 27. h3
Bd7 28. Bd2 f5 29. g5 f4 30. h4 Rf8 31. Bc3 h6 32. gxh6 gxh6 33. Rg1+ Kf7 34.
Rg7# 1-0

[Event "Taastrup Quick Weekend VIII B4 2008"]
[Site "Taastrup"]
[Date "2008.10.25"]
[Round "2"]
[White "Zmylon, Frederik Nielsen"]
[Black "Meldal, Peter"]
[Result "1/2-1/2"]
[WhiteElo "1367"]
[BlackElo "1265"]
[PlyCount "49"]
[EventDate "2008.??.??"]

1. e4 e6 2. d4 d5 3. e5 c5 4. f4 cxd4 5. Qxd4 Nc6 6. Bb5 Nge7 7. Nf3 Bd7 8. Qd3
Nf5 9. Nc3 a6 10. Bxc6 Bxc6 11. Nd4 Nxd4 12. Qxd4 b6 13. Na4 Rb8 14. Be3 b5 15.
Nc5 a5 16. O-O Be7 17. a3 b4 18. axb4 Rxb4 19. Qd2 d4 20. Na6 dxe3 21. Qxd8+
Bxd8 22. Nxb4 axb4 23. Rfe1 Be4 24. Ra4 Bxc2 25. Rxb4 1/2-1/2

[Event "Taastrup Quick Weekend VIII B4 2008"]
[Site "Taastrup"]
[Date "2008.10.25"]
[Round "2"]
[White "Lindballe, Henrik"]
[Black "Anker, Andy"]
[Result "1/2-1/2"]
[WhiteElo "1314"]
[BlackElo "1023"]
[PlyCount "57"]
[EventDate "2008.??.??"]

1. e4 c5 2. Nc3 e5 3. Nf3 Nc6 4. Bb5 d6 5. d3 h6 6. Be3 Nf6 7. a3 a6 8. Bc4 Nd4
9. h3 Qb6 10. Rb1 Be6 11. Nd5 Bxd5 12. Bxd5 Be7 13. Nd2 Qc7 14. c3 Ne6 15. Qa4+
b5 16. Qb3 Nxd5 17. Qxd5 O-O 18. Qb3 Rab8 19. O-O a5 20. Qd1 b4 21. c4 bxa3 22.
bxa3 Rxb1 23. Nxb1 Rb8 24. a4 Bg5 25. Bxg5 Nxg5 26. Nc3 Qd7 27. Nb5 Ne6 28. Qd2
Ra8 29. Rb1 1/2-1/2

[Event "Taastrup Quick Weekend VIII B4 2008"]
[Site "Taastrup"]
[Date "2008.10.25"]
[Round "2"]
[White "Andersen, Jonas Odgaard"]
[Black "Hein, Jacob"]
[Result "1/2-1/2"]
[WhiteElo "1083"]
[BlackElo "1400"]
[PlyCount "149"]
[EventDate "2008.??.??"]

1. e4 c5 2. Nf3 e6 3. d4 cxd4 4. Nxd4 Bc5 5. Be3 e5 6. Nf3 Bxe3 7. fxe3 Qb6 8.
b3 Nf6 9. Nbd2 Qxe3+ 10. Qe2 Qc3 11. Rc1 Nc6 12. Qc4 Qe3+ 13. Qe2 Qc5 14. Qc4
Qe3+ 15. Qe2 Qc5 16. Qc4 Qa3 17. Rb1 Qxa2 18. b4 Qa6 19. b5 Na5 20. bxa6 Nxc4
21. Bxc4 b6 22. Nxe5 O-O 23. O-O d6 24. Nc6 Kh8 25. Bd5 Nxd5 26. exd5 Bxa6 27.
Rfd1 Be2 28. Re1 Bh5 29. Ra1 a5 30. Nc4 Rae8 31. Nxd6 Re2 32. Rxe2 Bxe2 33. Rb1
a4 34. Rxb6 a3 35. Nb4 h5 36. c4 f5 37. Ra6 Rb8 38. Nc6 Rb1+ 39. Kf2 Rb2 40.
Rxa3 Bxc4+ 41. Kg1 Bxd5 42. Ne7 Bxg2 43. Nexf5 Bd5 44. Ne3 Be6 45. Ndc4 Rb8 46.
Ra5 g6 47. Ra6 Re8 48. Ra5 Kg7 49. Nd5 Rf8 50. Ra7+ Kh6 51. Nde3 Kg5 52. Ra5+
Kf4 53. Ra2 Ke4 54. Ra4 g5 55. Ng2 Bd7 56. Rb4 Kd4 57. Nd6+ Kc5 58. Rb3 Kxd6
59. Rd3+ Kc6 60. Ne3 Bh3 61. Rd5 g4 62. Rxh5 Rf3 63. Re5 Kd6 64. Re8 Kc5 65.
Re7 Kd4 66. Ng2 Rf6 67. Re1 Rf3 68. Rf1 Rd3 69. Rf2 Rd1+ 70. Rf1 Rxf1+ 71. Kxf1
Bxg2+ 72. Kxg2 Ke5 73. Kg3 Kf5 74. h4 gxh3 75. Kxh3 1/2-1/2

[Event "Taastrup Quick Weekend VIII B4 2008"]
[Site "Taastrup"]
[Date "2008.10.25"]
[Round "3"]
[White "Hein, Jacob"]
[Black "Meldal, Peter"]
[Result "1-0"]
[WhiteElo "1400"]
[BlackElo "1265"]
[PlyCount "87"]
[EventDate "2008.??.??"]

1. e4 e6 2. d4 d5 3. exd5 exd5 4. Bd3 c5 5. c3 Nc6 6. Be3 cxd4 7. cxd4 Nf6 8.
Nc3 Be7 9. Nge2 O-O 10. O-O Ng4 11. Bf4 Be6 12. Rc1 Qb6 13. Na4 Qa5 14. a3 Rac8
15. b4 Qd8 16. Qb3 a6 17. Bb1 Bd6 18. Qd3 f5 19. Nc5 Bxc5 20. Rxc5 b6 21. Rcc1
b5 22. Qg3 g5 23. Bd6 Rf7 24. Rc3 Rd7 25. Bc5 h6 26. Rfc1 h5 27. h3 h4 28. Qf3
Nh6 29. Qh5 Qf6 30. Bb6 Bf7 31. Qf3 g4 32. hxg4 Nxg4 33. Bxf5 Be6 34. Qxg4+ Rg7
35. Bxe6+ Kh8 36. Qh5+ Rh7 37. Qxd5 Rf8 38. Rf3 Qg7 39. Rxf8+ Qxf8 40. Rxc6 Qf6
41. Rc8+ Kg7 42. Bc7 Kg6 43. Rg8+ Kh6 44. Bf4+ 1-0

[Event "Taastrup Quick Weekend VIII B4 2008"]
[Site "Taastrup"]
[Date "2008.10.25"]
[Round "3"]
[White "Anker, Andy"]
[Black "Wadtland, Flemming"]
[Result "1/2-1/2"]
[WhiteElo "1023"]
[BlackElo "1137"]
[PlyCount "64"]
[EventDate "2008.??.??"]

1. d4 Nf6 2. c4 Nc6 3. Nf3 d6 4. Nc3 Bf5 5. Qb3 Qc8 6. Bf4 g6 7. e3 Bg7 8.
O-O-O O-O 9. h3 a6 10. Bd3 Bxd3 11. Rxd3 Na5 12. Qa4 b6 13. e4 Nd7 14. Nd5 Qd8
15. e5 c6 16. Nc3 b5 17. cxb5 cxb5 18. Qb4 Nc6 19. Qb3 b4 20. Nd5 Rc8 21. Kb1
dxe5 22. dxe5 Nc5 23. Nf6+ exf6 24. Rxd8 Nxb3 25. Rxf8+ Kxf8 26. axb3 fxe5 27.
Bd2 a5 28. Rc1 Ke7 29. Bg5+ Ke6 30. Be3 Kd7 31. Ng5 f6 32. Rd1+ Ke8 1/2-1/2

[Event "Taastrup Quick Weekend VIII B4 2008"]
[Site "Taastrup"]
[Date "2008.10.25"]
[Round "3"]
[White "Andersen, Jonas Odgaard"]
[Black "Jensen, Leif Haugaard"]
[Result "0-1"]
[WhiteElo "1083"]
[BlackElo "1184"]
[PlyCount "146"]
[EventDate "2008.??.??"]

1. e4 c5 2. Nf3 Nc6 3. d4 cxd4 4. Nxd4 Nf6 5. Nxc6 bxc6 6. Nc3 e5 7. Bg5 Bc5 8.
Bc4 Qb6 9. Na4 Qb4+ 10. Nc3 Qxc4 11. Qf3 Be7 12. b3 Qe6 13. Bxf6 Qxf6 14. a3
Qxf3 15. gxf3 Bc5 16. Ne2 Ba6 17. c4 Rb8 18. b4 Be7 19. c5 Bxe2 20. Kxe2 a5 21.
Rab1 axb4 22. Rxb4 Rxb4 23. axb4 O-O 24. Rd1 Rd8 25. Rd3 d6 26. cxd6 Rxd6 27.
Rb3 Rd8 28. Ke3 Rb8 29. Rc3 Rxb4 30. Rxc6 Rb3+ 31. Ke2 h6 32. Rc7 Bh4 33. Rc2
Rb1 34. Ke3 Rh1 35. Rc8+ Kh7 36. Rc2 Rxh2 37. Re2 Bg5+ 38. Kd3 Rh3 39. Kc4 Rxf3
40. Kd5 f6 41. Rb2 Bh4 42. Ke6 Rxf2 43. Rb1 Rf4 44. Rb4 g5 45. Kf7 g4 46. Rb8
f5 47. Rb7 fxe4+ 48. Ke6+ Kg6 49. Kxe5 Bg3 50. Kd4 Bf2+ 51. Ke5 Bg3 52. Kd4 Bh2
53. Rb8 g3 54. Rb2 Rf2 55. Rb6+ Rf6 56. Rb2 Bg1+ 57. Kxe4 Bf2 58. Re2 Re6+ 59.
Kf3 Rxe2 60. Kg2 Be1+ 61. Kg1 Rh2 62. Kf1 g2+ 63. Kg1 Rh5 64. Kxg2 Rg5+ 65. Kh2
h5 66. Kh3 Rb5 67. Kh2 Rb3 68. Kh1 Kg5 69. Kh2 Kg4 70. Kh1 Kg3 71. Kg1 Ba5 72.
Kf1 h4 73. Kg1 Rb1# 0-1

[Event "Taastrup Quick Weekend VIII B4 2008"]
[Site "Taastrup"]
[Date "2008.10.25"]
[Round "3"]
[White "Brauner, Benjamin"]
[Black "Lindballe, Henrik"]
[Result "0-1"]
[WhiteElo "1327"]
[BlackElo "1314"]
[PlyCount "56"]
[EventDate "2008.??.??"]

1. e4 e5 2. Nf3 Nc6 3. Bc4 Be7 4. O-O d6 5. h3 Nf6 6. Nc3 O-O 7. d3 Na5 8. Nd5
c6 9. Nxe7+ Qxe7 10. Bg5 Nxc4 11. dxc4 Qe6 12. Qd3 Ne8 13. Nh2 f5 14. f3 f4 15.
Bh4 Qg6 16. Kf2 Rf7 17. Rh1 Qh6 18. g3 g5 19. Bxg5 Qxg5 20. Rag1 Kh8 21. h4
fxg3+ 22. Rxg3 Qxh4 23. Kg2 Qe7 24. Rg1 Nf6 25. Kf2 Be6 26. b3 Nh5 27. Rg5 Nf4
28. Qf1 Nh3+ 0-1

[Event "Taastrup Quick Weekend VIII B4 2008"]
[Site "Taastrup"]
[Date "2008.10.26"]
[Round "4"]
[White "Lindballe, Henrik"]
[Black "Wadtland, Flemming"]
[Result "1-0"]
[WhiteElo "1314"]
[BlackElo "1137"]
[PlyCount "75"]
[EventDate "2008.??.??"]

1. e4 c6 2. Nc3 d5 3. d4 g6 4. Be2 Nh6 5. Nf3 f6 6. Bf4 a6 7. Qd2 Nf7 8. h3 b5
9. e5 Bg7 10. O-O O-O 11. a4 b4 12. Na2 a5 13. Nc1 g5 14. exf6 exf6 15. Bg3 Bh6
16. Qd3 Re8 17. Nb3 Ba6 18. Qf5 Rxe2 19. Rfe1 Rxe1+ 20. Rxe1 Bc8 21. Qd3 Nd7
22. Nh2 Qf8 23. Qe2 Ba6 24. Qg4 Re8 25. Rb1 Bc8 26. Qd1 f5 27. f3 Ba6 28. Ra1
Be2 29. Qb1 f4 30. Bf2 Ra8 31. Qe1 Re8 32. Qd2 Nb6 33. Nc5 Nc4 34. Qc1 Qe7 35.
b3 Na3 36. Qd2 Qd8 37. Rc1 Nd6 38. Ra1 1-0

[Event "Taastrup Quick Weekend VIII B4 2008"]
[Site "Taastrup"]
[Date "2008.10.26"]
[Round "4"]
[White "Jensen, Leif Haugaard"]
[Black "Anker, Andy"]
[Result "0-1"]
[WhiteElo "1184"]
[BlackElo "1023"]
[PlyCount "84"]
[EventDate "2008.??.??"]

1. e4 c5 2. Nf3 Nc6 3. d4 cxd4 4. Nxd4 e5 5. Nb5 a6 6. N5c3 Bc5 7. Bc4 h6 8.
Bxf7+ Kxf7 9. Qd5+ Ke8 10. Qxc5 Nd4 11. Qxe5+ Ne6 12. Nd5 d6 13. Qh5+ Kf8 14.
Qf5+ Nf6 15. Nxf6 Nd4 16. Nh7+ Ke7 17. Bg5+ hxg5 18. Qxg5+ Ke8 19. Qg6+ Kd7 20.
Qxg7+ Kc6 21. Qxd4 Rxh7 22. Qd5+ Kb6 23. a4 Qf6 24. Nc3 Qf4 25. Qb3+ Ka7 26. h3
Bd7 27. Rd1 Rf8 28. Rd2 Rg7 29. Nd5 Qxe4+ 30. Qe3+ Qxe3+ 31. fxe3 Bxa4 32. Nc7
Rxc7 33. b3 Bc6 34. Rg1 Re7 35. Rd3 Rg8 36. g4 Rh8 37. Rg3 Reh7 38. Rxd6 Rxh3
39. Rxh3 Rxh3 40. Kd2 Rg3 41. Rg6 Be4 42. Rg8 Rg2+ 0-1

[Event "Taastrup Quick Weekend VIII B4 2008"]
[Site "Taastrup"]
[Date "2008.10.26"]
[Round "4"]
[White "Andersen, Jonas Odgaard"]
[Black "Brauner, Benjamin"]
[Result "1-0"]
[WhiteElo "1083"]
[BlackElo "1327"]
[PlyCount "143"]
[EventDate "2008.??.??"]

1. e4 e5 2. Nf3 Nc6 3. d4 exd4 4. Nxd4 Nf6 5. Nxc6 dxc6 6. Qxd8+ Kxd8 7. Nc3
Bb4 8. Bg5 Ke7 9. e5 h6 10. exf6+ gxf6 11. Bf4 Ba5 12. O-O-O Bf5 13. Bd3 Be6
14. Rde1 Rad8 15. Bc4 Rd4 16. Bxe6 fxe6 17. Be3 Rg4 18. g3 a6 19. f4 e5 20. a3
Ke6 21. b4 Bb6 22. Bxb6 cxb6 23. Na4 b5 24. Nc5+ Kf5 25. fxe5 fxe5 26. Nxb7
Rhg8 27. Nc5 Re8 28. Rhf1+ Kg6 29. Nxa6 Rg5 30. Nc5 Rh5 31. Rf2 Re7 32. Re4 Rg5
33. c4 Ra7 34. Rf3 Rh5 35. h4 Kg7 36. Rd3 Kf6 37. Rd6+ Ke7 38. Rxc6 bxc4 39.
Rxc4 Rxa3 40. Ne4 Rf5 41. Rc2 Re3 42. R6c4 Rf1+ 43. Kd2 Rfe1 44. Nc5 R1e2+ 45.
Kc1 Re1+ 46. Kb2 Rf1 47. R2c3 Rf2+ 48. Kb3 Re1 49. Nd3 Rb1+ 50. Ka4 Ra2+ 51.
Kb5 Ra8 52. Nxe5 Rb8+ 53. Kc5 Rc8+ 54. Nc6+ Kd7 55. b5 Re1 56. Rd3+ Ke8 57.
Rcd4 Rc1+ 58. Rc4 Re1 59. Rdd4 Re5+ 60. Rd5 Re6 61. Rd6 Re5+ 62. Rd5 Re6 63.
Rcd4 Kf7 64. Rd7+ Kf6 65. R7d6 h5 66. Rf4+ Kg7 67. Rxe6 Rg8 68. Re7+ Kh6 69.
Rf6+ Rg6 70. Rxg6+ Kxg6 71. Re5 Kh6 72. b6 1-0

[Event "Taastrup Quick Weekend VIII B4 2008"]
[Site "Taastrup"]
[Date "2008.10.26"]
[Round "4"]
[White "Zmylon, Frederik Nielsen"]
[Black "Hein, Jacob"]
[Result "1-0"]
[WhiteElo "1367"]
[BlackElo "1400"]
[PlyCount "37"]
[EventDate "2008.??.??"]

1. e4 c5 2. Nf3 e6 3. d4 cxd4 4. Nxd4 Bc5 5. Be3 Qb6 6. b3 e5 7. Nf5 Qb4+ 8.
Nd2 g6 9. Bxc5 Qxc5 10. Ne3 Nf6 11. Bd3 d5 12. exd5 Nxd5 13. Nxd5 Qxd5 14. Ne4
Qa5+ 15. Qd2 Qd8 16. Bb5+ Nd7 17. O-O-O a6 18. Bxd7+ Qxd7 19. Nf6+ 1-0

[Event "Taastrup Quick Weekend VIII B4 2008"]
[Site "Taastrup"]
[Date "2008.10.26"]
[Round "5"]
[White "Anker, Andy"]
[Black "Zmylon, Frederik Nielsen"]
[Result "0-1"]
[WhiteElo "1023"]
[BlackElo "1367"]
[PlyCount "48"]
[EventDate "2008.??.??"]

1. d4 Nf6 2. c4 g6 3. Nc3 d5 4. Nf3 Bg7 5. Bf4 Be6 6. Nb5 Na6 7. c5 c6 8. Nc3
Bf5 9. a3 O-O 10. e3 Nc7 11. Bd3 Ne4 12. Qc2 Ne6 13. Nxe4 Nxf4 14. exf4 dxe4
15. Bxe4 Bg4 16. Ne5 f5 17. Qc4+ Kh8 18. Nf7+ Rxf7 19. Qxf7 Qxd4 20. f3 fxe4
21. fxg4 Qe3+ 22. Kd1 Rd8+ 23. Kc2 Rd2+ 24. Kc1 Rxb2+ 0-1

[Event "Taastrup Quick Weekend VIII B4 2008"]
[Site "Taastrup"]
[Date "2008.10.26"]
[Round "5"]
[White "Wadtland, Flemming"]
[Black "Andersen, Jonas Odgaard"]
[Result "1-0"]
[WhiteElo "1137"]
[BlackElo "1083"]
[PlyCount "27"]
[EventDate "2008.??.??"]

1. f4 c5 2. Nf3 Nc6 3. e4 e6 4. g3 d5 5. exd5 exd5 6. Be2 d4 7. O-O Bh3 8. Re1
a6 9. Bxa6+ Nge7 10. Bxb7 Rb8 11. Bxc6+ Bd7 12. Bd5 g6 13. Ne5 Nxd5 14. Nc6+
1-0

[Event "Taastrup Quick Weekend VIII B4 2008"]
[Site "Taastrup"]
[Date "2008.10.26"]
[Round "5"]
[White "Jensen, Leif Haugaard"]
[Black "Lindballe, Henrik"]
[Result "1/2-1/2"]
[WhiteElo "1184"]
[BlackElo "1314"]
[PlyCount "35"]
[EventDate "2008.??.??"]

1. e4 e5 2. Nf3 Nc6 3. Bc4 Bc5 4. c3 d6 5. d4 Bb6 6. dxe5 dxe5 7. Qxd8+ Nxd8 8.
Nxe5 Ne6 9. O-O f6 10. Nf3 Ne7 11. e5 f5 12. Bg5 h6 13. Bxe7 Kxe7 14. Bxe6 Bxe6
15. a4 c6 16. a5 Bc7 17. Re1 Rhd8 18. Nd4 1/2-1/2

[Event "Taastrup Quick Weekend VIII B4 2008"]
[Site "Taastrup"]
[Date "2008.10.26"]
[Round "5"]
[White "Brauner, Benjamin"]
[Black "Meldal, Peter"]
[Result "1-0"]
[WhiteElo "1327"]
[BlackElo "1265"]
[PlyCount "91"]
[EventDate "2008.??.??"]

1. e4 e6 2. d4 d5 3. Nd2 c5 4. Ngf3 cxd4 5. Nxd4 Bc5 6. c3 Qb6 7. exd5 exd5 8.
N2b3 Bd6 9. Bd3 Nc6 10. Be3 Qc7 11. Nf3 Nf6 12. h3 O-O 13. O-O Re8 14. Qd2 Ne4
15. Qc2 f5 16. Nfd4 a6 17. Rad1 Bh2+ 18. Kh1 Bd6 19. Rfe1 Bd7 20. Re2 f4 21.
Bc1 Bf5 22. Rde1 Bg6 23. a3 Bh5 24. Bxe4 Bxe2 25. Bxd5+ Kh8 26. Rxe2 Rxe2 27.
Qxe2 Rc8 28. Nxc6 bxc6 29. Bf3 Qf7 30. Nd4 Re8 31. Qf1 c5 32. Nc2 a5 33. Bd2
Qf5 34. Na1 g5 35. Qa6 Bc7 36. Kh2 Qf8 37. c4 Ra8 38. Qxa8 Qxa8 39. Bxa8 f3+
40. g3 Be5 41. Nb3 Bxb2 42. Nxc5 Bd4 43. Nd3 h5 44. Bxg5 h4 45. c5 hxg3+ 46.
Kxg3 1-0